01406nab a2200253 a 4500003000900000005001700009007000300026008004100029040003000070041000800100100004400108245009000152264008200242300002100324336002700345337003400372338002800406362003200434520038900466600010400855773016100959942001501120999001701135DO-SdBNP20250502120352.0ta250502e2015 dr |||p|r||||||0| | spa d aDO-SdBNPbspacBNPHUerda hspa aDomínguez Michael, Christopher987646 aPedro Henríquez Ureña. Familia y familiaridad /cChristopher Domínguez Michael. aSanto Domingo, República Dominicana : bEditora Nacional Dominicana,c2015. apágina, 35-43. atextobtxt2rdacontent asin mediación bn2rdamedia avolumenbnc2rdacarrier aAño.9: no.17 (2015: jun.) aCon motivo de sus 80 años de existencia, el Fondo de Cultura Económica ha puesto en marcha la reedición de libros clásicos de su catálogo. Entre ellos se encuentra, Las corrientes literarias en la América Hispánica, del notable crítico dominicano Pedro Henríquez Ureña, y cuyo prólogo que aquí reproducimos ha sido encargado a Christopher Domínguez Michael. 10aHenríquez Ureña, Pedro,d1884-1946 91718vPublicaciones periódicaszRepública Dominicana0 0370149283557aSecretaría de Estado de Educación, Bellas Artes y Cultura (República Dominicana )o37524-9-17-1tPaís cultural :w(DO-SdBNP)000037524 2ddccISSUE c58923d58923